| 000 | 00543nam a2200205 a 4500 | ||
|---|---|---|---|
| 001 | 18261 | ||
| 003 | CO-ViMGA | ||
| 008 | 141112s2004 ck r 000 u spa d | ||
| 020 | _a8476729804 | ||
| 040 |
_aCO-ViMGA _bspa _cCO-ViMGA |
||
| 082 | 0 | 4 | _a320.1 R687e |
| 100 | 1 |
_aRousseau, Jean - Jacques _952630 |
|
| 245 | 1 | 0 | _aEl Contrato Social |
| 260 |
_aBarcelona, _cCultura, _c1999 |
||
| 300 | _a160 p. | ||
| 490 | _aCultura | ||
| 590 | _aForma de adquisición : premio Min Cultura | ||
| 650 | 1 | 4 |
_aCIENCIAS PolíticaS _947852 |
| 942 |
_2ddc _cBK |
||
| 999 |
_c27614 _d27614 |
||